000 00778cam a2200205 i 4500
005 20251204104523.0
008 250721s2002 jo gr 000 0 ara d
082 1 4 _a214.5
_bش ح ا
100 1 _aشحادة، صبحي رمضان
_eمعد.
245 1 0 _aتفسير سورة يس و فضائلها :
_bويليه دلائل الخيرات /
_cجمع واعداد صبحي رمضان شحادة.
246 1 3 _aدلائل الخيرات بما ينفع الأموات
250 _aالطبعه الاولى.
264 3 1 _aعمان :
_bدار البيت العتيق،
_c2002.
300 _a128 صفحه.
650 1 7 _aالعقيدة الدينية.
650 1 7 _aالوفاة.
650 1 7 _aتفسير القرآن.
942 _2ddc
_cBK
999 _c28502
_d28502